[Event "EU-ch 9th"]
[Site "Plovdiv"]
[Date "2008.04.24"]
[Round "4"]
[White "Pelletier, Yannick"]
[Black "Wells, Peter K"]
[Result "1/2-1/2"]
[WhiteElo "2607"]
[BlackElo "2521"]
[Annotator "Wells,P"]
[PlyCount "84"]
[EventDate "2008.04.21"]
[EventType "swiss"]
[EventRounds "11"]
[EventCountry "BUL"]
[SourceTitle "CBM 124"]
[Source "ChessBase"]
[SourceDate "2008.05.28"]
[SourceVersion "1"]
[SourceVersionDate "2008.05.28"]
[SourceQuality "1"]

1. d4 Nf6 2. c4 e6 3. Nf3 d5 4. g3 Be7 5. Bg2 O-O 6. O-O dxc4 {With the
notable exception of games against Vladimir Kramnik, the Open Catalan remains
a viable weapon for Black!} 7. Qc2 a6 8. Qxc4 b5 9. Qc2 Bb7 10. Bd2 {The
apparent modesty of this development is quite deceptive and whilst I was once
more concerned about the alternative bishop developments to f4 or g5, I have
now experienced enough problems with the text move that my respect for it has
grown considerably.} Be4 {It feels to me intuitively as if there should be two
decent ways to combat 10 Bd2. Either Black can take measures to prevent the
intended sortie to a5, or he can allow this move but then prove that the piece
is not so comfortable there.} ({But a direct implementation of the first
strategy has some problems -} 10... Nc6 11. e3 {does not fit well with the
goal of 'freeing' Black's game with ...c5.}) ({It is better to try and keep
the move ...Nc6 in reserve, to which end Nigel Short's waiting move} 10... h6 {
is ingenious, but appears well met by the 'counter-waiting'} 11. a3 $5 {but}) (
10... Ra7 $5 {[%cal Gb8d7,Gd8a8,Gc7c5] is much less artificial than it looks.
This keeps ...Nc6 in reserve as an answer to a premature Ba5, but there will
soon be elements of strategy (2) as well, where Black can aim at ...Nbd7/...
Qa8 and ...c5.}) 11. Qc1 Nbd7 {This line introduces the 'purest' example of
the second strategy. Black all but sends the bishop a written invitation to a5
with the intention later to threaten ...c5, positionally 'forcing' b4 and then
to prove that the bishop on a5 is out on a limb. But I must say this game adds
a bit to my growing disillusion with the line - there is usually enough going
on in the centre that Black does not get time to hassle this piece. Moreover,
so long as the bishop is secure its status is highly interesting - immobile,
but very influential in its control of key squares such as c7 and d8.} (11...
Bb7 $5) 12. Ba5 Rc8 13. Nbd2 ({Harikrishna once caused me some problems with
the direct attack on b5 by} 13. Nc3 $5 Ba8 14. a4 {but I don't think this
should be a long-lasting threat to Black's play. It is more thematic to play
to restrain ...c5.}) 13... Ba8 14. Qc2 ({Last year I faced} 14. a3 Qe8 15. b4
Bd6 16. Re1 Ne4 17. Nxe4 Bxe4 18. Qe3 Bd5 19. Rac1 f5 20. Ne5 Nf6 $6 21. f3 $1
{1-0 Huzman,A-Wells,P/EICC Dresden 2007. Black's 20th does not help - it is
better to exchange bishops on g2 - but it is not my main aim in playing this
line to end up in this slightly questionable 'Dutch-type' structure and the
frequency of this outcome seems to be sending a message!}) 14... Qe8 {[%cal
Gc7c5]} 15. b4 Nb8 {The direct way to try and target the a5 bishop. In fact, I
was already consuming a good deal of time around here for the simple reason
that - having guessed incorrectly Yannick's choice of opening - I was
struggling to remember my preparation.} ({I am convinced that in principle
Black would like to handle this position by playing for ...e5 which holds out
the hope of deflecting his opponent's d-pawn and thereby making the hugely
liberating ...c5 break a reality again. Unfortunately after} 15... Bd6 16. e4
$1 e5 17. Rae1 {[%cal Yg2h3,Yh3c8] Black has difficulties ever threatening to
take on d4.} Qe7 {[%csl Ga5,Rd6,Rf6][%cal Yf3h4,Yh4f5,Yf2f4] runs into Nh4 and
f4 ideas while there is the additional worry that White may apply pressure on
the h3-c8 diagonal. Given all this, it seems that he really doesn't miss the
dark-squared bishop's presence in the heat of battle too decisively!}) 16. Ne5
$5 {[%mdl 8] Technically a novelty, presumably because the exchange of
light-squared bishops is seen by White as something of a concession. But
preventing ...Nc6 is a worthy goal and White retains some tangible space
advantage.} (16. Nb3 Nc6 17. a3 Bd6 {[%cal Ge8e7,Ge6e5] looks quite playable
for Black to me.}) 16... Bxg2 17. Kxg2 Bd6 18. Rac1 Nd5 {Heading reluctantly
for the good old 'Dutch-style' structure I mentioned above. Of course I was
desperate to make some brutal freeing idea work (based upon the idea that for
the moment the possibility of ...Bxe5 wakens White's hold on the c5 square).
But these all seemed to weaken d6 too much and bring the a5 bishop back to
life on the b4-f8 diagonal.} (18... c5 19. bxc5 Bxe5 20. dxe5 Qc6+ 21. Kg1 Nfd7
22. Ne4 Nxe5 23. Nd6 {is a typical failure in this regard}) 19. Nd3 f5 20. e3 (
20. Rfe1 $5) 20... Qh5 $5 21. Qd1 (21. Rfe1 $5) 21... Qe8 {[%cal Gb8c6]
Looking to play ...Nc6. I think this is the right approach although there is
no doubt that the knight pair will be quite adept at probing Black's several
potentially weak points. Moreover, the knight on a5 is in no realistic sense a
'weakness'.} 22. Nb3 Nc6 23. a3 g5 24. Kg1 Rf6 $138 {It must be right to seek
chances against the White king and such decisions come very naturally in
time-trouble too. My opening indecisions had cost me dear on the clock which
in general was more of a problem for m in Plovdiv than of late. Yannick's
strategy around here is interesting too. I had been expecting him to consider
a timely e4 break with the serious weakness of the e6 pawn as the prize of a
successful execution. I guess he felt that the tactical chances which I could
hope for on the king-side were best avoided and that keeping ultra-solid would
encourage me to over stretch, especially given the clock situation. Events
could have proved him right!} 25. Qd2 (25. Re1 $5 Rh6 $140 26. e4 $16) 25...
Rh6 26. f4 gxf4 27. exf4 Bf8 $1 28. Rfe1 Nxa5 $6 ({I am quite pleased that the
sensible reorganisation 27...Bf8 was my first thought, but this is not a very
consistent follow-up. Black is never going to exert massive pressure on d4,
but might at least force White to bear the threat in mind after} 28... Bg7 29.
Ndc5 (29. Ne5 {makes less sense since e6 is the primary weakness and shielding
it something of a relief.} Nxe5 (29... Bxe5 30. fxe5)) 29... Qf7 $5 {(Fritz!)}
30. Nxa6 $140 e5 $132 {[%cal Gh6a6] Of course, with care Black's job remains a
difficult and unpleasant one.}) 29. Nxa5 Nf6 30. Qg2 Ng4 $5 {Technically, it
might be provable that the h3 tempo helps White, since advancing with g4
represents one of his most threatening approaches. Practically, it is
difficult to see how Black can make any trouble without provoking some kind of
a weakness, however small.} 31. h3 Nf6 32. Qc6 $2 {A very poor move and a
hugely welcome surprise. There is logic in that Black's weaknesses are
permanent while his potential counterplay is directed against White's king.
But my assessment of the latter was and remains 'largely illusory' and the
fact that Black can now exchange the h3 pawn for one of his weaknesses eases
his defensive task. Moreover, I end up with one active piece at least, which
is one more than I expected! Furthermore, in practical terms the player in
time-trouble tends to gain from any clarification of the position.} (32. g4
fxg4 (32... Rg6 33. Ne5 Rg7 34. Rc6 (34. Nac6 Bd6 35. g5 Qh5)) 33. hxg4 Rh4 34.
Ne5 Bd6 (34... Nd5 35. Qg3) 35. Qg3 $1) (32. Nc6 Ne4) 32... Rxh3 33. Qxe8 ({
The attempt to win e6 immediately with} 33. Kg2 $6 {fails to} Qh5 $1 34. Qxe6+
Kg7 35. Nf2 Rh2+ 36. Kg1 Rxf2 $1 37. Kxf2 Ng4+ 38. Kf3 Ne5+ 39. Kg2 $8 Qf3+ 40.
Kh3 Qh5+ 41. Kg2 Qf3+ $11 {I cannot claim to have 'seen' all of this with
little time on the clock. But this is in any case precisely the sort of clear
cut sequence which is easy for a player with any sort of feeling for the
initiative to find in time-trouble. In the language of the Wild West, a man
just does what he has to do.}) 33... Rxe8 34. Kg2 Rh6 35. Rxc7 Ng4 $1 36. Re2
$6 {Another small surprise. Having given me an active piece, Yannick should
probably have tried to exchange it off.} ({After} 36. Rh1 $1 Ne3+ (36... Rxh1
37. Kxh1 Bg7 38. Ne5) 37. Kg1 Rxh1+ (37... Nd5 38. Rc6 Rg6 39. Kg2 Bg7 40. Nb3
$14) 38. Kxh1 Bg7 (38... Rd8 39. Nc6 Rd6 40. Nde5 $16) 39. Ne5 {and White
retains more of a bind than I appreciated at the time.}) 36... Rh2+ 37. Kf3 Rh1
38. Ne1 h5 $1 {Now there are no more problems. The play against the White king
which results from ...h4 is as serious as I have had all game!} 39. Kg2 (39.
Rc6 h4 {will leave White worse if he refuses to allow the immediate draw by
capturing the h-pawn.}) 39... Rh2+ 40. Kf3 Rh1 41. Kg2 Rh2+ 42. Kf3 Rh1 1/2-1/2

[Event "USA-ch"]
[Site "Saint Louis"]
[Date "2017.04.07"]
[Round "9"]
[White "Xiong, Jeffery"]
[Black "So, Wesley"]
[Result "0-1"]
[WhiteElo "2674"]
[BlackElo "2822"]
[Annotator "Yermolinsky,A"]
[PlyCount "62"]
[EventDate "2017.03.29"]
[EventType "tourn"]
[EventRounds "11"]
[EventCountry "USA"]
[EventCategory "18"]
[SourceTitle "CBM 178"]
[Source "ChessBase"]
[SourceDate "2017.05.14"]
[SourceVersion "1"]
[SourceVersionDate "2017.05.14"]
[SourceQuality "1"]

1. d4 Nf6 2. c4 e6 3. g3 d5 4. Bg2 Be7 5. Nf3 O-O 6. O-O dxc4 7. Qc2 a6 8. a4
Bd7 9. Rd1 Bc6 10. Nc3 Bxf3 11. Bxf3 Nc6 12. Bxc6 bxc6 13. Bg5 Rb8 14. e3 {
Standard issue Catalan, one of those positions where White doesn't seem to be
trying for much. Yet, "careful play" is required from Black, which in this day
and age means computer-approved preparation.} c5 $5 {Wesley shows he'd done
his homework.} (14... a5 {is considered automatic.}) 15. dxc5 Qe8 16. Rd4 (16.
Bxf6 Bxf6 17. Ne4 Be5 18. Rab1 Rb4 19. f4 f5 20. Nd2 Bf6 21. Nxc4 Rxa4 {
is roughly balanced.}) 16... Nd7 $1 {An improvement over one long-forgotten
game} ({which went} 16... Rb4 17. Na2 Qxa4 18. Nxb4 Qxa1+ 19. Kg2 Qa5 20. Nc6
Qxc5 $14 {Sjugirov-Smirnov, 2012}) 17. Bxe7 Qxe7 18. c6 {It's hard to tell if
Jeffery was still looking for an advantage or was ready to bail out.} ({
An attempt to take away e5 from the black knight} 18. f4 {meets with} e5 19.
Rxc4 exf4 20. exf4 Qe3+ 21. Kg2 Nf6 {White gets to keep his extra pawn, but
his king is weak. Lines such as this give bad vibes and usually are declined
as long as there are some other options.}) ({The next move to think of is} 18.
Rf1 {anticipating} Ne5 19. f4 Nc6 20. Rxc4 {but then comes} Na5 21. Rd4 Qxc5 {
and once again, having weakened his position with the f-pawn move, White finds
himself on the defensive end of it.}) ({In the meantime, the "simple"} 18. Rxc4
Ne5 19. Re4 Qxc5 {is really awkward for White.}) 18... Ne5 19. Qe4 Qc5 20. Nd5
{A logical continuation of the previous move. Moves from both sides become
forced.} Nd3 21. Nxc7 Nxf2 $1 {Wesley had to have seen this shot from afar.
Did Jeff completely miss it?} 22. Kxf2 {A quick reply, but possibly, Xiong was
bluffing.} ({Instead of playing mind games, he should have paid attention to
the board. Maybe, then he would have found} 22. Nxa6 {which happens to be a
good enough move to continue the game:} Qg5 {appears to be Black's best.} (
22... Nxe4 23. Nxc5 Nxc5 24. Rxc4 {and White's pawns are more than enough to
offset Black's extra knight.}) (22... Qh5 $4 23. Qc2 {and White even wins.})
23. Qf3 $1 {A beautiful move that consolidates everything.} ({no need to flirt
with disaster after} 23. Kxf2 Rxb2+ 24. Ke1) ({and} 23. Qc2 {is now bad on
account of} Nd3) 23... Rxb2 24. c7 Nd3 (24... Nh3+ $145 $1 25. Kh1 h6 $3 26.
Rxc4 (26. Rf1 Qa5 $3 $19) 26... Rf2 $1 27. Qb7 Qxe3 28. c8=Q Rxc8 29. Rxc8+ Kh7
$19) 25. Rf1 {Suddenly White has a threat of his own: Qxf7+!, his pieces are
all participating and the c7-pawn is alive. Game on!}) 22... Rxb2+ 23. Kf1 Qh5
24. Qg4 Qxh2 25. Qf3 c3 $1 {Only this move made clear how difficult White's
task is going to be.} 26. Rc1 e5 $1 {Wesley took about 20 minutes on this one.
He just wanted to make sure.} 27. Rh4 $2 {Another error from Jeffery ends the
game on the spot.} ({The right move was} 27. Rc4 {If anything, it would force
Black to seek ways of getting his other rook involved. Without breathing space,
calculating the resulting variations could be unnerving. Would So be up to the
task?} Rfb8 {is the right move.} (27... Qd2 28. Rd1 Rd8 {same as in the game,
but here White does have a miracle line} 29. Nd5 $3 (29. Rxd2 Rdxd2 30. Kg1
Rb1+ 31. Qf1 c2 32. Nxa6 {is not enough to save White:} Rxf1+ 33. Kxf1 Rd1+ 34.
Ke2 c1=Q 35. Rxc1 Rxc1 36. Nb8 Rc5 37. Kd3 f5 $19) 29... Rxd5 30. Rxd2 Rdxd2 {
and now} 31. Qe2 $3 Rxe2 32. c7 {forcing Black to take the perpetual.}) 28. Nd5
(28. Nxa6 Qd2 29. R4xc3 e4) 28... Rf2+ 29. Qxf2 Qh1+ 30. Qg1 (30. Ke2 Rb2+)
30... Qxd5 31. R4xc3 Rb2 $19) 27... Qd2 28. Rd1 Rd8 $1 29. Nd5 Rxd5 30. Rd4
Rxd4 (30... exd4 $4 31. c7 $18) 31. exd4 Qxd1+ {Fresh out of tactical tricks
Xiong resigned.} 0-1

[Event "Sharjah FIDE GP"]
[Site "Sharjah"]
[Date "2017.02.27"]
[Round "9"]
[White "Ding, Liren"]
[Black "Aronian, Levon"]
[Result "1-0"]
[WhiteElo "2760"]
[BlackElo "2785"]
[Annotator "Yermolinsky,A"]
[PlyCount "87"]
[EventDate "2017.02.18"]
[EventType "swiss"]
[EventRounds "9"]
[EventCountry "UAE"]
[SourceTitle "CBM 177"]
[Source "ChessBase"]
[SourceDate "2017.03.16"]
[SourceVersion "1"]
[SourceVersionDate "2017.03.16"]
[SourceQuality "1"]

1. Nf3 Nf6 2. c4 e6 3. g3 d5 4. Bg2 Be7 5. O-O O-O 6. d4 dxc4 7. Qc2 a6 8. a4
Bd7 9. Qxc4 Bc6 10. Bf4 Bd6 11. Qc1 a5 12. Nc3 Na6 13. Bd2 Nb4 14. Qb1 Bxf3 15.
Bxf3 c6 16. Rd1 Qe7 17. Ne4 Nxe4 18. Qxe4 Rfd8 19. Bc3 Rd7 20. Rd2 Qd8 21. Rad1
Be7 22. h4 Rb8 23. e3 Nd5 24. Qc2 Qc7 25. Kg2 g6 26. h5 Bf8 27. e4 Nb4 28. Qb3
{A pretty routine play up this point kept a small advantage for White, but
here Aronian, who was for sure frustrated with the way this tournament had
gone for him, lashed out with the uncharacteristic} c5 $2 {opening up the
d-file and the light squares for the opponent.} 29. dxc5 Rxd2 30. Rxd2 Qxc5 31.
Rd7 b5 32. axb5 Qxb5 33. Qd1 {The threat of Qd4 appears for the first time,
and it won't be the last.} Nc6 34. Be2 Qb6 35. Bc4 Rb7 36. b3 Qa7 37. Rd6 $3 {
How about that} ({instead of the standard} 37. Rd3 Qc5 38. Qf3 Qe7 39. Rd1)
37... Bxd6 ({The idea is visible in} 37... Qc5 38. Rxc6 Qxc6 39. Qd4) ({
so, Black's best was} 37... Rc7) 38. Qxd6 Qb6 ({The bishops rule the roost in
case of} 38... Rc7 39. Bf6 Qb8 40. hxg6 hxg6 41. Bb5 $1 Qc8 {and it will be
over once the white queen finds her way to the h-file:} 42. Qc5 Ne7 43. Qg5 Qf8
44. Qh4) 39. Qf4 Kf8 ({No salvation was to be found in} 39... gxh5 40. Qf6 Kf8
(40... e5 41. Bd5 Rc7 42. Bxe5) 41. Bxe6 Nd8 42. Qg7+ Ke7 43. Bd5) 40. Bxe6 Nb4
41. Qf6 Nd3 (41... Qxe6 42. Qd8+ Qe8 43. Bg7+) 42. Bd4 Qd6 43. Be3 Ne1+ 44. Kf1
{A nice note for Ding to finish the tournament he started with the
disheartening loss with White to Rapport. We all know the Chinese star is
going to be a contender for the top places in the entire Grand Prix series,
while Levon's army of fans once again are left scratching their heads.} 1-0

[Event "Moscow-B"]
[Site "Moscow"]
[Date "1986.03.18"]
[Round "5"]
[White "Azmaiparashvili, Zurab"]
[Black "Zaitsev, Igor A"]
[Result "1-0"]
[WhiteElo "2465"]
[BlackElo "2400"]
[Annotator "Zaitsev,I"]
[PlyCount "85"]
[EventDate "1986.03.??"]
[EventType "tourn"]
[EventRounds "11"]
[EventCountry "URS"]
[EventCategory "7"]
[SourceTitle "EXT 2002"]
[Source "ChessBase"]
[SourceDate "2001.11.25"]
[SourceVersion "1"]
[SourceVersionDate "2001.11.25"]
[SourceQuality "1"]

{Inf.41/571} 1. d4 d5 2. c4 e6 3. Nf3 Nf6 4. g3 Be7 5. Bg2 O-O 6. O-O dxc4 7.
Qc2 a6 8. Qxc4 b5 9. Qc2 Bb7 10. Bd2 Be4 11. Qc1 Ra7 $5 (11... Bb7 {- Inf.40/
609}) (11... Nc6 {- Inf.40/(609)}) (11... Qc8 12. Be3 $5 (12. Bg5 {- Inf.39/
(592)}) 12... Nd5 (12... Nbd7 13. Nbd2 Bb7 14. Nb3 Nd5 15. Na5 $14) 13. Nc3
Nxe3 (13... Nxc3 14. Qxc3 Nd7 15. Rac1 $16) 14. Qxe3 Bb7 15. Ne4 Nd7 16. Rac1
Qd8 17. Rfd1 Bd5 18. Rc2 $1 $14 {Zlochevsky-Kozurov/URS 1986}) 12. Rd1 Nbd7 13.
Ba5 Qa8 14. Nc3 (14. Nbd2 Bd5 15. b4 e5 $2 (15... Nb6 $11) 16. dxe5 Nxe5 17.
Nxe5 Bxg2 18. f3 $16 {><c6}) 14... Bb7 $11 {[/\ c5]} 15. a4 (15. b4) 15... b4
16. Na2 c5 17. b3 (17. dxc5) 17... Rc8 (17... Bd5 $5 18. Qb2 cxd4 19. Rxd4 Bc5
20. Rdd1 Ng4 $15) 18. Qb2 cxd4 19. Qxd4 (19. Rxd4 $5 Bc5 (19... Nd5 $13) 20.
Rdd1 Bd5 21. Bxb4 (21. Nxb4 Bxb4 22. Bxb4 Rb7 $15) (21. Rac1 $11) 21... Rb7 $15
) 19... Rc2 $1 $15 20. Qd3 Be4 $1 21. Nd4 $1 Rxa2 $1 (21... Bxd3 22. Bxa8 Bxe2
23. Nxc2 Bxd1 24. Rxd1 Rxa8 25. Naxb4 $14) 22. Bxe4 Nxe4 23. Rxa2 Ne5 $1 (23...
Nc3 24. Rc2 Nxd1 25. Nc6 $16) 24. Qe3 (24. Qc2 Nc3 (24... Nxf2 25. Kxf2 Ng4+
26. Kg1 (26. Ke1 Qh1+ 27. Kd2 Bg5+ 28. e3 $8 Bxe3+ 29. Kd3 $16) 26... Ne3 27.
Nc6 Nxc2 $11) 25. Raa1 Bc5 $15) 24... Ng4 25. Qf3 Ngxf2 $1 (25... Ne5 26. Qf4 (
26. Qg2 Nc3) 26... g5 $6 27. Qxe5 Bf6 28. Nc6 Bxe5 29. Rd8+ Qxd8 30. Bxd8 $18)
26. Rc1 (26. Rf1 Nh3+ $17) 26... g5 $5 $138 27. Nc6 g4 28. Qe3 Rd7 29. Qb6 Nh3+
30. Kf1 Bc5 $1 (30... Bd8 31. Nxd8 $2 (31. Qb8 Qxc6 $1 $19) (31. Qxb4 $1 $16)
31... Nxg3+ $1 $19) 31. Qb8+ $8 Qxb8 32. Nxb8 Rd5 (32... Rd2 33. Rxd2 Nxd2+ 34.
Kg2 (34. Ke1 Nxb3 35. Rc4 Bf2+ $13) 34... Nxb3 35. Rc4 Nxa5 36. Rxc5 b3 37.
Nxa6 b2 38. Rb5 Nc4 39. Nc5 Ne3+ 40. Kh1 Nf2+ $11) 33. e3 $1 Nc3 $2 $138 (33...
Bd6 34. Nc6 (34. Rc8+ $2 Kg7 35. Nc6 Rd1+ 36. Ke2 Nc3#) 34... Nd2+ 35. Rxd2 $1
Rxd2 36. Bxb4 Rxh2 37. Rc4 Rf2+ 38. Ke1 Bxb4+ 39. Nxb4 h5 40. Nxa6 f5 {/\ h4-/+
}) 34. Nxa6 Bf8 $2 (34... Nxa2 $11) 35. Rxc3 $1 $16 bxc3 36. Bxc3 Rd3 37. Rc2
Rxe3 38. b4 Ng5 39. Bd2 Rf3+ 40. Ke2 Ne4 41. Be3 f5 42. Nc5 $18 Nxg3+ 43. hxg3
1-0